Rozpočet a hospodárska politika Európskej únie

Salvato in:
Dettagli Bibliografici
Autore principale: Barič, Ondrej
Natura: Libro
Lingua:slovacco
Pubblicazione: Bratislava NCEGŠ - Národné centrum európskych a globálnych štúdií 2026
Edizione:1. vydanie
Soggetti:
Tags: Aggiungi Tag
Nessun Tag, puoi essere il primo ad aggiungerne!!

MARC

LEADER 00000nam a2200000 4500
001 0315274
005 20260310112239.3
020 |a 978-80-972508-6-7 
041 0 |a slo 
044 |a SK 
245 1 0 |a Rozpočet a hospodárska politika Európskej únie  |c Ondrej Barič 
250 |a 1. vydanie 
264 1 |a Bratislava  |b NCEGŠ - Národné centrum európskych a globálnych štúdií  |c 2026 
300 |a 202 s. 
610 2 0 |a Európska únia 
610 2 0 |a spolupráca medzinárodná 
610 2 0 |a integrácia ekonomická medzinárodná 
610 2 0 |a rozpočty 
610 2 0 |a politika hospodárska 
610 2 0 |a politika poľnohospodárska spoločná 
100 1 |a Barič, Ondrej